Регионална библиотека "Любен Каравелов" - Русе

Кратка история на всички, които някога са живели (Запис номер 528988)

MARC детайли
000 -Лидер
Лидер 01730nam a2200301 a 4500
003 - Код на организацията, давaща контролен номер
Код на организацията, даваща контролен номер BLK
005 - Дата и час на последна редакция
Дата и час на последна редакция 20250715115337.0
008 - Елементи от данни с фиксирана дължина
Елементи с фиксирана дължина 250314b bul|||||r ||||||| ||bul||
020 ## - Международен стандартен номер на книга ISBN
ISBN 9786190115588
040 ## - Източник на каталожния запис
Код на библиотеката BLK
041 ## - Код за език
Език Български
Език за КДБФ Български
080 ## - УДК
УДК текст Наследственост. Онаследяване - Ядрена наследственост - ген, генетическа(хромозомна)карта, цитоплазматическа(извънядрена)наследственост, генетически основи на онтогенеза, генетика на популациите,
УДК код 575.1
УДК – определител (091)
УДК – код + определител 575.1(091)
084 ## - Класификационен индекс по друга класификация
Авторски знак Ръ - Р 97
100 ## - Редна дума - Автор
R(LIN) 490345
Автор Ръдърфорд, Адам
245 10 - Сведения за заглавието
Заглавие Кратка история на всички, които някога са живели
Подзаглавни данни Човешката история преразказана от нашите гени
Авторска отговорност Адам Ръдърфорд ; прев. от англ. Даниела Гамова
260 ## - Област на издателските данни
Място на издаване София
Име на издателя Изток-Запад
Година на издаване 2025
9 (RLIN) 210881
Издателство - префикс ISBN 978-619-01- ; 978-619-152- ; 978-954-321- ; 954-8945-
300 ## - Физическа характеристика
Брой страници 312 с.
Размер 24 см
380 ## - Жанр
Жанр Естествени науки. Математика
500 ## - Общи забележки
Обща забележка Прев. по A Brief of Everyone Who Ever Lived : The Human Story Retold Through Our Genes / Adam Rutherford. - Речник. - Показалец. - Доп. лит.
650 #4 - Допълнително описание по предмет – тема
Предметна рубрика Наследственост и изменчивост
9 (RLIN) 297745
650 #0 - Допълнително описание по предмет – тема
Предметна рубрика Генетика - история
9 (RLIN) 497721
700 ## - Други автори (авторска отговорност)
Друг автор Генчева, Вероника
9 (RLIN) 497723
852 ## - Местоположение
Отдел Заемна - подръчен фонд
Систематично-азбучна сигнатура 574/577/Р 97 А
856 4# - Електронен адрес и достъп
Електронен формат pdf - файл
856 4# - Електронен адрес и достъп
Електронен формат pdf - файл
942 ## - АРТИКУЛИ
Вид на библиотечния документ Книги
Скрит в OPAC Не
Koha issues (borrowed), all copies 4
944 ## - СЪЗДАВАНЕ И РЕДАКЦИЯ на ЗАПИСА
Дата на регистрацията/редакция Геновева Генчева
Служител, извършил регистрацията/редакцията 30576
Създаване/Редакция
Номер на служител Цветомила Тодорова
999 ## - СИСТЕМНИ КОНТРОЛНИ НОМЕРА
Koha biblionumber 528988
Koha biblioitemnumber 528988
Наличности
Код за отписване Код за изгубен артикул Източник на класификационната схема Код за повреда Код за отдаване Артикулен № Име на библиотеката - собственик Име на библиотеката, в която се намира в момента Статус (Текущо местоположение) Дата на вписване в системата Местоположение - отдел Цена в лева Инвентарен номер Систематично азбучна сигнатура Баркод Цена в евро Служебен тип на артикула
  Не е изгубен Universal Decimal Classification Не е повреден заемане за дома 963910 Регионална библиотека "Любен Каравелов" Русе Регионална библиотека "Любен Каравелов" Русе Заемна - подръчен фонд 2025-03-18 Заемна - подръчен фонд 22.42 120000918881 574/577/Р 97 А 120000918881 11.46 Книги
  Не е изгубен Universal Decimal Classification Не е повреден заемане за дома 963911 Регионална библиотека "Любен Каравелов" Русе Регионална библиотека "Любен Каравелов" Русе Заемна - подръчен фонд 2025-03-18 Заемна - подръчен фонд 22.42 120000918882 574/577/Р 97 А 120000918882 11.46 Книги
Vip Innovations Ltd, Rousse, Bulgaria 2025